Readings in gender in Africa (Record no. 79972)

MARC details
000 -LEADER
fixed length control field 00825nam a2200193 a 4500
008 - FIXED-LENGTH DATA ELEMENTS--GENERAL INFORMATION
fixed length control field 090319s2005 ||||||||||||||||| || u
020 ## - INTERNATIONAL STANDARD BOOK NUMBER
International Standard Book Number 0253217407
050 ## - LIBRARY OF CONGRESS CALL NUMBER
Classification number HQ 1075 Gen
100 ## - MAIN ENTRY--PERSONAL NAME
Personal name Cornwall, Andrea, 1963-
245 10 - TITLE STATEMENT
Title Readings in gender in Africa
Statement of responsibility, etc. edited by Andrea Cornwall
260 ## - PUBLICATION, DISTRIBUTION, ETC.
Place of publication, distribution, etc. Oxford
Name of publisher, distributor, etc. James Curray
Date of publication, distribution, etc. 2005
300 ## - PHYSICAL DESCRIPTION
Extent viii, 247p.
350 ## -
-- 0.00
650 ## - SUBJECT ADDED ENTRY--TOPICAL TERM
Topical term or geographic name entry element GENDER
650 ## - SUBJECT ADDED ENTRY--TOPICAL TERM
Topical term or geographic name entry element SEX ROLE--AFRICA
650 ## - SUBJECT ADDED ENTRY--TOPICAL TERM
Topical term or geographic name entry element WOMEN--AFRICA--SOCIAL CONDITIONS
995 ## -
-- MAIN LIBRARY OPEN ACCESS
-- 0.00
-- 739847
-- CBU-MAIN LIBRARY (Kitwe)
-- 1
-- 0.00
-- HQ 1075 GEN
-- 1
-- AVAILABLE
-- Apr 29, 2009
-- 739847
-- Main Library Open Access Collection
995 ## -
-- MAIN LIBRARY OPEN ACCESS
-- 0.00
-- 739848
-- CBU-MAIN LIBRARY (Kitwe)
-- 1
-- 0.00
-- HQ 1075 GEN
-- 2
-- AVAILABLE
-- Apr 29, 2009
-- 739848
-- Main Library Open Access Collection
999 ## -
-- 79972
-- 79972
Holdings
Withdrawn status Lost status Source of classification or shelving scheme Damaged status Not for loan Permanent Location Current Location Shelving location Date acquired Total Checkouts Full call number Barcode Date last seen Copy number Price effective from Koha item type
          CBU-MAIN LIBRARY, KITWE. CBU-MAIN LIBRARY, KITWE.   06/29/2023   HQ 1075 Gen 739847 06/29/2023 1 06/29/2023 MONOGRAPH
          CBU-MAIN LIBRARY, KITWE. CBU-MAIN LIBRARY, KITWE.   06/29/2023   HQ 1075 Gen 739848 06/29/2023 2 06/29/2023 MONOGRAPH